Capitales sans les lettres de "Lisbonne" - Statistiques

Statistiques générales
  • Ce quiz a été pris 8 fois
    5 depuis la dernière actualisation
  • Le résultat moyen est 3 sur 5
Statistiques - réponses
Continents Capitales % Correct
Afrique Accra
80%
Asie Dacca
80%
Europe Vaduz
80%
Afrique Dakar
60%
Asie Jakarta
20%
Aucun quiz correspondant
Distribution des résultats
% des personnes avec chaque résultat
Percentile par nombre de réponses
Votre historique - résultats
Vous n’avez pas pris ce quiz depuis la dernière actualisation